01058nam a2200265 i 4500001000700000003000700007005001700014008004100031080002500072100002200097245013700119250004000256260004400296300002200340490009500362500001400457504003400471600003400505700001800539700002700557700003200584710001600616830009200632852006800724185230SpMaBN20251207124551.0160420s2003 sp j |||| |bspa d a929 Einstein, Albert1 aHighfield, Roger.14aLas vidas privadas de Albert Einstein / cRoger Highfield y Paul Carter ; prólogo de César Nombela ; [traductor, Javier Alfaya]. aEd. especial para este periódico. a[Barcelona] : bABC : bFolio, c[2003] a380 p. ; c21 cm.1 aBiblioteca ABC. Protagonistas del s. XX ; v18. Las biografías que construyeron el siglo aÍndice. aBibliografía: p. [361]-364.14aEinstein, Albert, d1879-19551 aCarter, Paul.1 aNombela Cano, César.1 aAlfaya, Javier, d1939-20182 aDiario ABC.00aBiblioteca ABC. Protagonistas del s. XXv18. Las biografías que construyeron el siglo aES-MaACLjA-13706bR.150376cDEPO1dOlim: N-6706 x- enc. cart.